[Event "GBR-ch108 Major Open"]
[Site "Torquay"]
[Date "2022.08.13"]
[Round "1"]
[White "Renshaw, Lucas"]
[Black "McCarthy, Damian"]
[Result "1-0"]
[WhiteElo "1595"]
[BlackElo "1860"]
[PlyCount "73"]
[EventDate "2022.08.13"]
[EventType "swiss"]
[EventRounds "9"]
[EventCountry "GBR"]
[SourceTitle "BritBase"]
[Source "John Saunders"]
[SourceDate "2021.06.05"]
[SourceVersion "1"]
[SourceVersionDate "2021.06.05"]
[SourceQuality "1"]

1. e4 c5 2. Nf3 e6 3. d4 cxd4 4. Nxd4 Nc6 5. Nc3 Qc7 6. Be3 a6 7. Qd2 Nf6 8. f3
Be7 9. O-O-O b5 10. Kb1 O-O 11. g4 Bb7 12. h4 Rac8 13. h5 Nxd4 14. Bxd4 b4 15.
Na4 d5 16. Nb6 dxe4 17. Nxc8 Rxc8 18. g5 Ne8 19. Rg1 e3 20. Bxe3 Bxf3 21. Be2
Bd5 22. g6 fxg6 23. hxg6 Qa5 24. gxh7+ Kh8 25. b3 Qc7 26. Bd4 Bf6 27. Bxa6 Bxd4
28. Qxd4 Qxc2+ 29. Ka1 Ra8 30. Rc1 Qh2 31. Rc8 Rxc8 32. Bxc8 Nf6 33. Re1 Qc2
34. Ba6 Ne4 35. Bd3 Qc3+ 36. Qxc3 Nxc3 37. Rf1 1-0

[Event "GBR-ch108 Major Open"]
[Site "Torquay"]
[Date "2022.08.13"]
[Round "1"]
[White "Headlong, Georgia"]
[Black "Foster, Timothy"]
[Result "0-1"]
[WhiteElo "1417"]
[BlackElo "1766"]
[PlyCount "58"]
[EventDate "2022.08.13"]
[EventType "swiss"]
[EventRounds "9"]
[EventCountry "GBR"]
[SourceTitle "BritBase"]
[Source "John Saunders"]
[SourceDate "2021.06.05"]
[SourceVersion "1"]
[SourceVersionDate "2021.06.05"]
[SourceQuality "1"]

1. e4 c5 2. Nf3 d6 3. c3 Nf6 4. h3 g6 5. Bd3 Bg7 6. O-O O-O 7. Bc2 Nc6 8. d4 e5
9. d5 Ne7 10. c4 Kh8 11. Nc3 Nfg8 12. Nh2 f5 13. f4 fxe4 14. Bxe4 Nf5 15. Ne2
Nd4 16. fxe5 Bxe5 17. Nxd4 Bxd4+ 18. Kh1 Nf6 19. Bc2 Nh5 20. Rf3 Bd7 21. Be3
Bxe3 22. Rxe3 Qg5 23. Rf3 Rae8 24. Qc1 Ng3+ 25. Rxg3 Qxg3 26. Nf1 Qf2 27. Bxg6
Re2 28. Qc3+ Rf6 29. Qg3 Rxg6 0-1

[Event "GBR-ch108 Major Open"]
[Site "Torquay"]
[Date "2022.08.13"]
[Round "1"]
[White "Phillips, Owen S"]
[Black "Sainbayar, Anuurai"]
[Result "1-0"]
[WhiteElo "1851"]
[BlackElo "1525"]
[PlyCount "103"]
[EventDate "2022.08.13"]
[EventType "swiss"]
[EventRounds "9"]
[EventCountry "GBR"]
[SourceTitle "BritBase"]
[Source "John Saunders"]
[SourceDate "2021.06.05"]
[SourceVersion "1"]
[SourceVersionDate "2021.06.05"]
[SourceQuality "1"]

1. b3 d5 2. Nf3 Bf5 3. Bb2 e6 4. d3 Nf6 5. Nbd2 c5 6. g3 h6 7. Bg2 Nc6 8. O-O
Be7 9. a3 O-O 10. e3 b5 11. Qe2 Qc7 12. Rfe1 Bh7 13. Rac1 Rab8 14. e4 dxe4 15.
Nxe4 Nxe4 16. dxe4 e5 17. Red1 a6 18. Rd5 Bd6 19. Rcd1 Nd4 20. Nxd4 cxd4 21. f4
exf4 22. Bxd4 fxg3 23. hxg3 Bxg3 24. Qg4 Bg6 25. e5 Qxc2 26. Rc5 Bf5 27. Qf3
Be4 28. Rxc2 Bxf3 29. Bxf3 Rfe8 30. Re2 Re6 31. Re4 Rbe8 32. Ba1 Bxe5 33. Rxe5
Rxe5 34. Bxe5 Rxe5 35. Rd8+ Kh7 36. Kf2 a5 37. Rd5 Rxd5 38. Bxd5 Kg6 39. b4
axb4 40. axb4 f5 41. Bc6 Kf6 42. Bxb5 Ke5 43. Be8 Kd6 44. Ke3 g5 45. Kd4 Ke7
46. Bg6 Kf6 47. b5 g4 48. b6 g3 49. Ke3 Kxg6 50. Kf3 f4 51. b7 h5 52. b8=Q 1-0

[Event "GBR-ch108 Major Open"]
[Site "Torquay"]
[Date "2022.08.13"]
[Round "1"]
[White "McKay, Ruairidh"]
[Black "Duke, Dillan"]
[Result "0-1"]
[WhiteElo "1394"]
[BlackElo "1237"]
[PlyCount "86"]
[EventDate "2022.08.13"]
[EventType "swiss"]
[EventRounds "9"]
[EventCountry "GBR"]
[SourceTitle "BritBase"]
[Source "John Saunders"]
[SourceDate "2021.06.05"]
[SourceVersion "1"]
[SourceVersionDate "2021.06.05"]
[SourceQuality "1"]

1. d4 d5 2. c4 c6 3. e3 e6 4. Nc3 Nf6 5. Bd2 Nbd7 6. a3 Be7 7. b4 O-O 8. Nf3
Re8 9. c5 Bf8 10. Be2 e5 11. dxe5 Nxe5 12. h3 Nxf3+ 13. Bxf3 g6 14. O-O Bg7 15.
Rc1 Qc7 16. b5 Bf5 17. a4 Rad8 18. bxc6 bxc6 19. Ne2 Be4 20. Nd4 Bxf3 21. Qxf3
Ne4 22. Qd1 Rb8 23. Qc2 Rb7 24. Rb1 Reb8 25. Rxb7 Qxb7 26. Ba5 Bf8 27. Rc1 Nxc5
28. Be1 Qa6 29. a5 Rc8 30. Qb1 Nd3 31. Rc2 c5 32. Nf3 Nxe1 33. Qxe1 Bg7 34. Qd2
Qd6 35. g3 c4 36. Nd4 Qc5 37. Qc3 Rb8 38. Kg2 Bxd4 39. exd4 Qb4 40. Qa1 Qb3 41.
Rc3 Qb1 42. Qa4 Qe4+ 43. Rf3 Rb3 0-1

[Event "GBR-ch108 Major Open"]
[Site "Torquay"]
[Date "2022.08.13"]
[Round "1"]
[White "Ruane, Brendan J"]
[Black "Adams, Henry"]
[Result "1-0"]
[WhiteElo "1697"]
[BlackElo "1473"]
[PlyCount "85"]
[EventDate "2022.08.13"]
[EventType "swiss"]
[EventRounds "9"]
[EventCountry "GBR"]
[SourceTitle "BritBase"]
[Source "John Saunders"]
[SourceDate "2021.06.05"]
[SourceVersion "1"]
[SourceVersionDate "2021.06.05"]
[SourceQuality "1"]

1. e4 c5 2. Nf3 d6 3. d4 cxd4 4. Nxd4 Nf6 5. Nc3 a6 6. Qf3 g6 7. h3 Bg7 8. Be3
Qc7 9. g4 h6 10. Bg2 Nbd7 11. Qg3 Ne5 12. Rd1 Bd7 13. O-O O-O-O 14. Kh1 g5 15.
Nf5 Bxf5 16. exf5 h5 17. Bxg5 hxg4 18. Bxf6 Bxf6 19. Nd5 Bh4 20. Qb3 gxh3 21.
Be4 Qb8 22. f4 Nc6 23. Nb6+ Kc7 24. Rf3 Qa7 25. Nd5+ Kb8 26. Rc3 Rc8 27. Nb6
Rc7 28. a4 Bf2 29. Bxc6 Qxb6 30. Be4 Qxb3 31. Rxb3 Rh4 32. Rf3 Rc4 33. Rxf2
Rxe4 34. f6 exf6 35. Rxd6 Rhxf4 36. Rxf4 Rxf4 37. Rd7 Rxa4 38. Rxf7 Ra2 39.
Rxf6 Rxb2 40. Rf2 a5 41. Kh2 a4 42. Kxh3 a3 43. Kg3 1-0

[Event "GBR-ch108 Major Open"]
[Site "Torquay"]
[Date "2022.08.13"]
[Round "1"]
[White "Kumar, Soham"]
[Black "Liu, Jacob"]
[Result "1-0"]
[WhiteElo "1368"]
[BlackElo "1269"]
[PlyCount "51"]
[EventDate "2022.08.13"]
[EventType "swiss"]
[EventRounds "9"]
[EventCountry "GBR"]
[SourceTitle "BritBase"]
[Source "John Saunders"]
[SourceDate "2021.06.05"]
[SourceVersion "1"]
[SourceVersionDate "2021.06.05"]
[SourceQuality "1"]

1. e4 e6 2. d4 d5 3. Nc3 Bb4 4. e5 c5 5. a3 Bxc3+ 6. bxc3 Qa5 7. Bd2 Qa4 8. Nf3
Nc6 9. Be3 c4 10. Be2 Bd7 11. O-O f6 12. Kh1 Qa5 13. Qb1 O-O-O 14. a4 Qc7 15.
Bf4 g5 16. Bg3 g4 17. exf6 Qa5 18. Ng5 Rf8 19. Bxg4 Nxf6 20. Bxe6 Qxc3 21.
Bxd7+ Nxd7 22. Ne6 Re8 23. Nc7 Re2 24. Nb5 Qxc2 25. Nd6+ Kd8 26. Qxb7 1-0

[Event "GBR-ch108 Major Open"]
[Site "Torquay"]
[Date "2022.08.13"]
[Round "1"]
[White "Khoury, Theo"]
[Black "Oh, Julie"]
[Result "1-0"]
[WhiteElo "1444"]
[BlackElo "1161"]
[PlyCount "121"]
[EventDate "2022.08.13"]
[EventType "swiss"]
[EventRounds "9"]
[EventCountry "GBR"]
[SourceTitle "BritBase"]
[Source "John Saunders"]
[SourceDate "2021.06.05"]
[SourceVersion "1"]
[SourceVersionDate "2021.06.05"]
[SourceQuality "1"]

1. e4 c5 2. Nf3 Nc6 3. d4 cxd4 4. Nxd4 e6 5. Nc3 a6 6. Be3 Qc7 7. Be2 b5 8.
Nxc6 Qxc6 9. e5 Bb7 10. Bf3 Qc7 11. Bxb7 Qxb7 12. O-O Rc8 13. f3 Qc7 14. Bd4
Ne7 15. a4 Nf5 16. Kh1 Bc5 17. Bxc5 Qxc5 18. Re1 h5 19. axb5 h4 20. h3 axb5 21.
f4 Ng3+ 22. Kh2 b4 23. Ne4 Nxe4 24. Rxe4 Rh6 25. Rd4 Rg6 26. Qd2 Qxc2 27. Rxd7
Qxd2 28. Rxd2 b3 29. Ra7 Rc4 30. Rad7 Rc8 31. R2d3 Rg3 32. R7d4 Rxd3 33. Rxd3
Rb8 34. Kg1 Rb4 35. Rf3 f6 36. exf6 gxf6 37. g3 hxg3 38. Kg2 Ke7 39. Kxg3 e5
40. fxe5 fxe5 41. h4 Ke6 42. h5 e4 43. Rf4 Ke5 44. h6 Rb7 45. Rh4 Rh7 46. Kf2
Kf5 47. Ke3 Kg5 48. Rh1 Kf5 49. Rh2 Kg6 50. Kxe4 Rxh6 51. Rxh6+ Kxh6 52. Kd4
Kg6 53. Kc4 Kf5 54. Kxb3 Ke6 55. Kc4 Kd6 56. Kb5 Kc7 57. Ka6 Kb8 58. b4 Kc7 59.
b5 Kb8 60. Kb6 Ka8 61. Kc7 1-0

[Event "GBR-ch108 Major Open"]
[Site "Torquay"]
[Date "2022.08.13"]
[Round "1"]
[White "Johnson, Paul A"]
[Black "Cox, Lucian"]
[Result "0-1"]
[WhiteElo "1827"]
[BlackElo "1295"]
[PlyCount "105"]
[EventDate "2022.08.13"]
[EventType "swiss"]
[EventRounds "9"]
[EventCountry "GBR"]
[SourceTitle "BritBase"]
[Source "John Saunders"]
[SourceDate "2021.06.05"]
[SourceVersion "1"]
[SourceVersionDate "2021.06.05"]
[SourceQuality "1"]

1. d4 Nf6 2. c4 g6 3. Nc3 Bg7 4. e4 d6 5. f3 O-O 6. Be3 e5 7. d5 Nbd7 8. Bd3 a5
9. Nge2 b6 10. Qd2 Nc5 11. Bc2 Ne8 12. O-O-O f5 13. g3 Nf6 14. h3 Bd7 15. a4
fxe4 16. fxe4 Qe8 17. b3 Rd8 18. Rdf1 c6 19. g4 b5 20. g5 b4 21. gxf6 bxc3 22.
Nxc3 Rxf6 23. Rxf6 Bxf6 24. dxc6 Bxc6 25. Nd5 Bxd5 26. Qxd5+ Qf7 27. Rf1 Qxd5
28. exd5 Nd7 29. Bd2 Rf8 30. Kd1 Bd8 31. Rxf8+ Kxf8 32. Ke2 Kf7 33. Kf3 Kg7 34.
b4 axb4 35. Bxb4 Bc7 36. a5 Nc5 37. Bxc5 dxc5 38. a6 Bb8 39. d6 Kf7 40. d7 Ke7
41. Ba4 h6 42. Ke4 g5 43. Kf5 e4 44. Kxe4 h5 45. Kf5 g4 46. hxg4 hxg4 47. Kxg4
Kd8 48. Kf5 Ke7 49. Bb5 Kd8 50. Ke6 Ba7 51. Kd6 Bb8+ 52. Kc6 Ba7 53. Kb7 0-1

[Event "GBR-ch108 Major Open"]
[Site "Torquay"]
[Date "2022.08.14"]
[Round "2"]
[White "Larkin, Benjamin"]
[Black "Ogunshola, Ben"]
[Result "1/2-1/2"]
[WhiteElo "1311"]
[BlackElo "2140"]
[PlyCount "87"]
[EventDate "2022.08.13"]
[EventType "swiss"]
[EventRounds "9"]
[EventCountry "GBR"]
[SourceTitle "BritBase"]
[Source "John Saunders"]
[SourceDate "2021.06.05"]
[SourceVersion "1"]
[SourceVersionDate "2021.06.05"]
[SourceQuality "1"]

1. Nf3 Nf6 2. g3 g6 3. Bg2 Bg7 4. O-O O-O 5. d4 d6 6. Nc3 d5 7. Bf4 Na6 8. Qd2
Bf5 9. Nh4 Be6 10. Rad1 c6 11. Rfe1 Re8 12. e4 dxe4 13. Nxe4 Nxe4 14. Bxe4 Bd5
15. b3 Nc7 16. c4 Bxe4 17. Rxe4 Ne6 18. Nf3 Nxf4 19. Qxf4 Qa5 20. Re2 Rad8 21.
Ng5 Qf5 22. Qxf5 gxf5 23. Red2 Bh6 24. f4 Bxg5 25. fxg5 Rd6 26. d5 Red8 27.
dxc6 bxc6 28. Rxd6 Rxd6 29. Rxd6 exd6 30. b4 f6 31. gxf6 Kf7 32. a4 Kxf6 33.
Kf2 Ke5 34. Ke3 d5 35. Kd3 dxc4+ 36. Kxc4 Kd6 37. Kd4 Ke6 38. Kc5 Kd7 39. b5
cxb5 40. Kxb5 Kc7 41. h3 Kb7 42. a5 Kc7 43. Kc5 Kb7 44. Kb5 1/2-1/2

[Event "GBR-ch108 Major Open"]
[Site "Torquay"]
[Date "2022.08.14"]
[Round "2"]
[White "Smith, Andrew Philip"]
[Black "Phillips, Owen S"]
[Result "1/2-1/2"]
[WhiteElo "2073"]
[BlackElo "1851"]
[PlyCount "59"]
[EventDate "2022.08.13"]
[EventType "swiss"]
[EventRounds "9"]
[EventCountry "GBR"]
[SourceTitle "BritBase"]
[Source "John Saunders"]
[SourceDate "2021.06.05"]
[SourceVersion "1"]
[SourceVersionDate "2021.06.05"]
[SourceQuality "1"]

1. e4 e5 2. Nf3 Nc6 3. Bb5 Nd4 4. Nxd4 exd4 5. O-O a6 6. Bd3 Nh6 7. c3 Bc5 8.
Qh5 d6 9. h3 O-O 10. b4 Ba7 11. cxd4 Bxd4 12. Nc3 Be6 13. Bb2 Qf6 14. Rae1 Qe5
15. Qh4 f6 16. a3 Qg5 17. Qxg5 fxg5 18. Nd1 Bxb2 19. Nxb2 Nf7 20. Bc4 Bxc4 21.
Nxc4 Ne5 22. Nxe5 dxe5 23. Rc1 c6 24. Rc5 Rfe8 25. Rfc1 Rad8 26. R1c2 Rd3 27.
Ra5 Kf7 28. Kf1 Kf6 29. f3 h6 30. Ke2 1/2-1/2

[Event "GBR-ch108 Major Open"]
[Site "Torquay"]
[Date "2022.08.14"]
[Round "2"]
[White "Foster, Timothy"]
[Black "James, Russell A"]
[Result "0-1"]
[WhiteElo "1766"]
[BlackElo "2033"]
[PlyCount "64"]
[EventDate "2022.08.13"]
[EventType "swiss"]
[EventRounds "9"]
[EventCountry "GBR"]
[SourceTitle "BritBase"]
[Source "John Saunders"]
[SourceDate "2021.06.05"]
[SourceVersion "1"]
[SourceVersionDate "2021.06.05"]
[SourceQuality "1"]

1. Nf3 c5 2. c4 Nc6 3. g3 Nf6 4. Nc3 e6 5. Bg2 d5 6. cxd5 exd5 7. d4 cxd4 8.
Nxd4 Bc5 9. e3 O-O 10. O-O Bg4 11. Nxc6 bxc6 12. Qa4 Qd7 13. b4 Bb6 14. b5 cxb5
15. Qb3 Rad8 16. Ba3 Rfe8 17. Nxb5 Ne4 18. Bxe4 dxe4 19. Nd6 Bf3 20. Nxf7 Qxf7
21. Bb4 Qxb3 22. axb3 Rd3 23. Rab1 Red8 24. Rfc1 Rd1+ 25. Be1 Rxc1 26. Rxc1 Rd1
27. Rxd1 Bxd1 28. b4 Kf7 29. Bc3 Be2 30. Kg2 g5 31. h3 h5 32. Be5 g4 0-1

[Event "GBR-ch108 Major Open"]
[Site "Torquay"]
[Date "2022.08.14"]
[Round "2"]
[White "Dignam, Matthew"]
[Black "Kumar, Soham"]
[Result "1-0"]
[WhiteElo "2080"]
[BlackElo "1368"]
[PlyCount "115"]
[EventDate "2022.08.13"]
[EventType "swiss"]
[EventRounds "9"]
[EventCountry "GBR"]
[SourceTitle "BritBase"]
[Source "John Saunders"]
[SourceDate "2021.06.05"]
[SourceVersion "1"]
[SourceVersionDate "2021.06.05"]
[SourceQuality "1"]

1. e4 c5 2. Nf3 g6 3. c3 Bg7 4. d4 cxd4 5. cxd4 d6 6. Bc4 Qc7 7. Qc2 Na6 8. Na3
Bd7 9. O-O Nf6 10. e5 dxe5 11. Nxe5 O-O 12. Bg5 Rac8 13. Qb3 e6 14. Rac1 Nc5
15. Qe3 Nce4 16. Bd3 Qd6 17. Bxe4 Rxc1 18. Rxc1 Nxe4 19. Qxe4 Be8 20. Bf4 Qb4
21. Nd3 Qb6 22. Bc7 Bc6 23. Qf4 Qxd4 24. Qxd4 Bxd4 25. Be5 Bxe5 26. Nxe5 Bd5
27. Nd7 Rd8 28. Nf6+ Kg7 29. Nxd5 Rxd5 30. Nc4 Rc5 31. Rc2 b5 32. Ne3 Re5 33.
Rc7 a5 34. Kf1 b4 35. Ke2 a4 36. Ra7 a3 37. bxa3 bxa3 38. Rxa3 f5 39. f4 Re4
40. Kf3 e5 41. Ra7+ Kh6 42. g3 exf4 43. gxf4 Rd4 44. h4 Rd2 45. h5 gxh5 46.
Ra6+ Kg7 47. Nxf5+ Kf7 48. a4 Rh2 49. Kg3 Ra2 50. Kh4 Rf2 51. Kg5 Rg2+ 52. Kxh5
Rh2+ 53. Kg4 h5+ 54. Kg5 Rf2 55. Ra7+ Ke6 56. Ng7+ Kd5 57. Nxh5 Rg2+ 58. Kf5
1-0

[Event "GBR-ch108 Major Open"]
[Site "Torquay"]
[Date "2022.08.14"]
[Round "2"]
[White "Duke, Dillan"]
[Black "Shaw, Peter"]
[Result "1-0"]
[WhiteElo "1237"]
[BlackElo "2117"]
[PlyCount "115"]
[EventDate "2022.08.13"]
[EventType "swiss"]
[EventRounds "9"]
[EventCountry "GBR"]
[SourceTitle "BritBase"]
[Source "John Saunders"]
[SourceDate "2021.06.05"]
[SourceVersion "1"]
[SourceVersionDate "2021.06.05"]
[SourceQuality "1"]

1. e4 c5 2. Nc3 a6 3. g3 b5 4. Bg2 Bb7 5. d3 g6 6. Be3 d6 7. Qd2 Bg7 8. Nge2
Nc6 9. h3 Nd4 10. O-O e6 11. Nd1 Rc8 12. c3 Nxe2+ 13. Qxe2 d5 14. f4 dxe4 15.
dxe4 Nf6 16. Nf2 O-O 17. Rad1 Qc7 18. Bc1 c4 19. e5 Bxg2 20. Kxg2 Nd5 21. a3
Rfd8 22. Be3 Rd7 23. Bd4 Rcd8 24. Ne4 Bf8 25. h4 Qc6 26. Kf2 Bg7 27. h5 h6 28.
hxg6 fxg6 29. Nf6+ Bxf6 30. exf6 Kf7 31. Qe5 Nc7 32. Rh1 Rh8 33. g4 Rd5 34. Qe3
Ne8 35. g5 h5 36. Be5 Nc7 37. Bxc7 Qxc7 38. Rxd5 exd5 39. Re1 Rc8 40. Qe6+ Kf8
41. Kf3 d4 42. cxd4 c3 43. bxc3 Qxc3+ 44. Re3 Qc6+ 45. d5 Qxe6 46. dxe6 a5 47.
Ke4 b4 48. axb4 axb4 49. Kd5 Rb8 50. Rb3 Rb6 51. Ke5 Rb5+ 52. Ke4 Ke8 53. f5
gxf5+ 54. Kf4 h4 55. g6 Kf8 56. Rd3 Rb8 57. e7+ Ke8 58. Rd8+ 1-0

[Event "GBR-ch108 Major Open"]
[Site "Torquay"]
[Date "2022.08.14"]
[Round "2"]
[White "Saunders, Aron"]
[Black "Alldritt, Nigel R E"]
[Result "1-0"]
[WhiteElo "1517"]
[BlackElo "2049"]
[PlyCount "59"]
[EventDate "2022.08.13"]
[EventType "swiss"]
[EventRounds "9"]
[EventCountry "GBR"]
[SourceTitle "BritBase"]
[Source "John Saunders"]
[SourceDate "2021.06.05"]
[SourceVersion "1"]
[SourceVersionDate "2021.06.05"]
[SourceQuality "1"]

1. e4 e6 2. d4 d5 3. Nd2 c5 4. exd5 exd5 5. Ngf3 Nc6 6. dxc5 Bxc5 7. Nb3 Bd6 8.
c3 Nge7 9. Bd3 Bg4 10. O-O Qc7 11. h3 Bh5 12. Be3 a6 13. Rc1 Ne5 14. Be2 O-O
15. Re1 Nc4 16. Bxc4 dxc4 17. Nbd4 Rad8 18. Qc2 h6 19. Nh4 Rfe8 20. Ndf5 Nxf5
21. Qxf5 Re5 22. Qc2 g5 23. Bd4 gxh4 24. Bxe5 Bxe5 25. Qe4 Bf4 26. Ra1 Rd2 27.
Qf5 Qd6 28. Qxh5 Bh2+ 29. Kh1 Rxf2 30. Qg4+ 1-0

[Event "GBR-ch108 Major Open"]
[Site "Torquay"]
[Date "2022.08.14"]
[Round "2"]
[White "Moss, Jack"]
[Black "Starley, Robert"]
[Result "0-1"]
[WhiteElo "1707"]
[BlackElo "1900"]
[PlyCount "108"]
[EventDate "2022.08.13"]
[EventType "swiss"]
[EventRounds "9"]
[EventCountry "GBR"]
[SourceTitle "BritBase"]
[Source "John Saunders"]
[SourceDate "2021.06.05"]
[SourceVersion "1"]
[SourceVersionDate "2021.06.05"]
[SourceQuality "1"]

1. d4 Nf6 2. Nf3 d5 3. g3 e6 4. Bg2 Be7 5. O-O O-O 6. c4 c6 7. Qc2 b6 8. Nbd2
Bb7 9. e4 dxe4 10. Nxe4 Nbd7 11. Nxf6+ Nxf6 12. Rd1 Qc8 13. c5 Rd8 14. Bf4 Nd5
15. Bg5 Qc7 16. Bxe7 Qxe7 17. a3 a5 18. h4 h6 19. Nd2 Nf6 20. Nf3 Nd5 21. Ne5
Qc7 22. Nc4 bxc5 23. dxc5 Ba6 24. Nd6 Rab8 25. Rd2 Rd7 26. Rc1 Bb5 27. Qd1 Ba6
28. Be4 Rbd8 29. Bb1 Ne7 30. Qf3 Nc8 31. Qe4 Nxd6 32. Qh7+ Kf8 33. cxd6 Rxd6
34. Rxd6 Qxd6 35. Qh8+ Ke7 36. Qxg7 Qd2 37. Qc3 Qxc3 38. bxc3 Rd2 39. Be4 c5
40. Rb1 Ra2 41. Rb6 Be2 42. Rb7+ Kf6 43. Rc7 c4 44. Rc5 Rxa3 45. f3 a4 46. Kf2
Ra2 47. Ke3 a3 48. Ra5 Bf1 49. Kf4 Ra1 50. g4 a2 51. g5+ hxg5+ 52. hxg5+ Kg7
53. Bc6 Bd3 54. Bb5 e5+ 0-1

[Event "GBR-ch108 Major Open"]
[Site "Torquay"]
[Date "2022.08.14"]
[Round "2"]
[White "Leslie, Alex"]
[Black "Johnson, Paul A"]
[Result "1/2-1/2"]
[WhiteElo "1827"]
[BlackElo "1827"]
[PlyCount "132"]
[EventDate "2022.08.13"]
[EventType "swiss"]
[EventRounds "9"]
[EventCountry "GBR"]
[SourceTitle "BritBase"]
[Source "John Saunders"]
[SourceDate "2021.06.05"]
[SourceVersion "1"]
[SourceVersionDate "2021.06.05"]
[SourceQuality "1"]

1. d4 d5 2. c4 e6 3. Nc3 Nf6 4. Nf3 c5 5. cxd5 exd5 6. g3 Nc6 7. Bg2 Be7 8. O-O
O-O 9. Bg5 Be6 10. dxc5 Bxc5 11. Rc1 Be7 12. Nd4 Nxd4 13. Qxd4 h6 14. Be3 Qd7
15. Rfd1 Rfd8 16. a4 b6 17. Qd2 Kh7 18. Nb5 Rac8 19. b3 Qb7 20. Nd4 Bd7 21. h3
Ne4 22. Qd3 Kg8 23. Rxc8 Rxc8 24. Nf3 Be6 25. Bd4 Bc5 26. Nd2 f5 27. e3 Bxd4
28. Qxd4 Qc7 29. Nxe4 dxe4 30. g4 Bxb3 31. Ra1 Qc3 32. Qxc3 Rxc3 33. gxf5 Rc4
34. a5 Bc2 35. axb6 axb6 36. Rc1 b5 37. Bf1 Bd3 38. Rd1 Bxf1 39. Kxf1 Kf7 40.
Rd5 Rb4 41. Kg2 Kf6 42. Kg3 Rb2 43. Kf4 Rxf2+ 44. Kxe4 b4 45. Rd6+ Ke7 46. Rg6
Kf7 47. Rb6 Rh2 48. Rxb4 Rxh3 49. Rb6 h5 50. Kf4 h4 51. e4 Ra3 52. Rb7+ Kg8 53.
Rb8+ Kh7 54. e5 h3 55. Rb2 Kh6 56. e6 g5+ 57. Kg4 Re3 58. Rf2 Kg7 59. Kxg5 Rg3+
60. Kf4 Rg2 61. Rf1 h2 62. Rh1 Kf6 63. Ke4 Re2+ 64. Kf3 Re5 65. Rxh2 Rxf5+ 66.
Ke4 Kxe6 1/2-1/2

[Event "GBR-ch108 Major Open"]
[Site "Torquay"]
[Date "2022.08.14"]
[Round "2"]
[White "Pert, Nina"]
[Black "Koiza, Peter"]
[Result "1-0"]
[WhiteElo "1553"]
[BlackElo "1781"]
[PlyCount "101"]
[EventDate "2022.08.13"]
[EventType "swiss"]
[EventRounds "9"]
[EventCountry "GBR"]
[SourceTitle "BritBase"]
[Source "John Saunders"]
[SourceDate "2021.06.05"]
[SourceVersion "1"]
[SourceVersionDate "2021.06.05"]
[SourceQuality "1"]

1. e4 c6 2. d4 d5 3. e5 Bf5 4. h4 h6 5. Be3 Qb6 6. Qc1 e6 7. Nd2 c5 8. Ngf3 Nc6
9. c3 Rc8 10. Be2 f6 11. exf6 Nxf6 12. Nb3 c4 13. Nbd2 Bd6 14. Ne5 Qc7 15. g4
Bh7 16. Nxc6 bxc6 17. g5 Ne4 18. Bh5+ Kd8 19. g6 Nf6 20. Qd1 Bg8 21. Qf3 e5 22.
dxe5 Bxe5 23. O-O-O Bd6 24. Rhe1 Rb8 25. Re2 Kc8 26. Qf5+ Qd7 27. Qxd7+ Kxd7
28. Bf3 Be6 29. Bd4 Rhf8 30. Be5 Ne8 31. Rde1 Bxe5 32. Rxe5 Nc7 33. h5 Rf4 34.
R5e3 Rbf8 35. Rd1 Nb5 36. Bh1 Nd6 37. Rde1 R8f6 38. Nf3 c5 39. Ne5+ Ke7 40.
Nc6+ Kd7 41. Nb8+ Kc8 42. Rxe6 Kxb8 43. Bxd5 Rxf2 44. Re7 Rf1 45. Kd1 Rxe1+ 46.
Kxe1 Nf5 47. Rf7 a5 48. Bxc4 a4 49. a3 Ka8 50. Bd5+ Kb8 51. c4 1-0

[Event "GBR-ch108 Major Open"]
[Site "Torquay"]
[Date "2022.08.14"]
[Round "2"]
[White "Gardiner, Eric D"]
[Black "Hickman, John E"]
[Result "1/2-1/2"]
[WhiteElo "1915"]
[BlackElo "1832"]
[PlyCount "54"]
[EventDate "2022.08.13"]
[EventType "swiss"]
[EventRounds "9"]
[EventCountry "GBR"]
[SourceTitle "BritBase"]
[Source "John Saunders"]
[SourceDate "2021.06.05"]
[SourceVersion "1"]
[SourceVersionDate "2021.06.05"]
[SourceQuality "1"]

1. e4 d6 2. d4 Nf6 3. Nc3 g6 4. Be3 a6 5. h3 Bg7 6. f4 e6 7. e5 Nd5 8. Nxd5
exd5 9. Nf3 O-O 10. Bd3 c5 11. c3 Nc6 12. O-O Be6 13. Qd2 Rc8 14. Rae1 cxd4 15.
cxd4 dxe5 16. fxe5 f6 17. exf6 Bxf6 18. Bh6 Re8 19. Qf4 Bg7 20. Bxg7 Kxg7 21.
Ng5 Bg8 22. Rxe8 Qxe8 23. h4 Qe7 24. a3 Rf8 25. Qxf8+ Qxf8 26. Rxf8 Kxf8 27.
Nf3 Be6 1/2-1/2

[Event "GBR-ch108 Major Open"]
[Site "Torquay"]
[Date "2022.08.14"]
[Round "2"]
[White "Dasgupta, Avyukt"]
[Black "McKay, Jonathan"]
[Result "1/2-1/2"]
[WhiteElo "1570"]
[BlackElo "1636"]
[PlyCount "33"]
[EventDate "2022.08.13"]
[EventType "swiss"]
[EventRounds "9"]
[EventCountry "GBR"]
[SourceTitle "BritBase"]
[Source "John Saunders"]
[SourceDate "2021.06.05"]
[SourceVersion "1"]
[SourceVersionDate "2021.06.05"]
[SourceQuality "1"]

1. d4 Nf6 2. Nf3 d5 3. c3 c6 4. Bf4 Qb6 5. Qb3 Bf5 6. Nbd2 Nbd7 7. e3 Nh5 8.
Nh4 Bg6 9. Nxg6 hxg6 10. Nf3 e6 11. Bd3 Nxf4 12. exf4 Qc7 13. g3 a6 14. Qc2 Nf6
15. Ne5 Nd7 16. Nf3 Nf6 17. Ne5 1/2-1/2

[Event "GBR-ch108 Major Open"]
[Site "Torquay"]
[Date "2022.08.14"]
[Round "2"]
[White "Sanger, Jake M"]
[Black "Cordova-Lopez, Diego Anton"]
[Result "0-1"]
[WhiteElo "1639"]
[BlackElo "1471"]
[PlyCount "90"]
[EventDate "2022.08.13"]
[EventType "swiss"]
[EventRounds "9"]
[EventCountry "GBR"]
[SourceTitle "BritBase"]
[Source "John Saunders"]
[SourceDate "2021.06.05"]
[SourceVersion "1"]
[SourceVersionDate "2021.06.05"]
[SourceQuality "1"]

1. d4 d5 2. c4 e6 3. Nc3 c5 4. cxd5 exd5 5. Nf3 Nf6 6. g3 Nc6 7. Bg2 cxd4 8.
Nxd4 Bc5 9. Nxc6 bxc6 10. O-O O-O 11. Qc2 Bb6 12. Na4 Bd7 13. e3 Re8 14. b3 Rc8
15. Nc5 h5 16. Bb2 Ng4 17. e4 h4 18. Rad1 hxg3 19. hxg3 Qg5 20. Bd4 Qh5 21.
Rfe1 Bxc5 22. Qxc5 Nh2 23. exd5 Nf3+ 24. Bxf3 Qxf3 25. Qc3 Rxe1+ 26. Rxe1 Qxc3
27. Bxc3 cxd5 28. Bd4 a6 29. a4 Bf5 30. b4 Rc4 31. Bc5 a5 32. Re8+ Kh7 33. Rb8
Be4 34. f3 Bxf3 35. Rb5 axb4 36. Kf2 Bd1 37. a5 b3 38. a6 b2 39. a7 Rxc5 40.
Rxc5 b1=Q 41. a8=Q Qb2+ 42. Ke3 Qe5+ 43. Kd3 Qe4+ 44. Kc3 Qe3+ 45. Kb4 Qb3+ 0-1

[Event "GBR-ch108 Major Open"]
[Site "Torquay"]
[Date "2022.08.14"]
[Round "2"]
[White "Adams, Henry"]
[Black "Garnett, John S"]
[Result "1/2-1/2"]
[WhiteElo "1473"]
[BlackElo "1916"]
[PlyCount "37"]
[EventDate "2022.08.13"]
[EventType "swiss"]
[EventRounds "9"]
[EventCountry "GBR"]
[SourceTitle "BritBase"]
[Source "John Saunders"]
[SourceDate "2021.06.05"]
[SourceVersion "1"]
[SourceVersionDate "2021.06.05"]
[SourceQuality "1"]

1. e4 d5 2. exd5 Nf6 3. Nf3 Bg4 4. Be2 Qxd5 5. d4 Nc6 6. c4 Qf5 7. O-O O-O-O 8.
Be3 e5 9. d5 e4 10. Nd4 Nxd4 11. Bxd4 Bd6 12. Nc3 Rhe8 13. Nb5 Bxh2+ 14. Kxh2
Qh5+ 15. Kg1 Bxe2 16. Nxa7+ Kb8 17. Qa4 Ng4 18. Nc6+ Kc8 19. Na7+ 1/2-1/2